LEADER 03584oam 2200649I 450 001 9910460226803321 005 20200520144314.0 010 $a1-317-46688-8 010 $a0-7656-0952-5 010 $a1-315-70311-4 024 7 $a10.4324/9781315703114 035 $a(CKB)3710000000382933 035 $a(EBL)2005425 035 $a(OCoLC)647461418 035 $a(SSID)ssj0001493978 035 $a(PQKBManifestationID)11903934 035 $a(PQKBTitleCode)TC0001493978 035 $a(PQKBWorkID)11510326 035 $a(PQKB)10060051 035 $a(MiAaPQ)EBC2005425 035 $a(Au-PeEL)EBL2005425 035 $a(CaPaEBR)ebr11038236 035 $a(CaONFJC)MIL759497 035 $a(OCoLC)958106832 035 $a(EXLCZ)993710000000382933 100 $a20180706e20152003 uy 0 101 0 $aeng 135 $aur|n|---||||| 181 $ctxt 182 $cc 183 $acr 200 00$aJapan's managed globalization $eadapting to the twenty-first century /$fUlrike Schaede, William Grimes, editors 210 1$aLondon ;$aNew York :$cRoutledge,$d2015. 215 $a1 online resource (278 p.) 300 $a"An East Gate Book." 300 $aFirst published 2003 by M.E. Sharpe. 311 $a1-336-28211-8 311 $a0-7656-0951-7 320 $aIncludes bibliographical references at the end of each chapters and index. 327 $a""Cover""; ""Half Title""; ""Title Page""; ""Copyright Page""; ""Table of Contents""; ""List of Tables and Figures""; ""List of Abbreviations""; ""Preface""; ""Part I: Introduction""; ""1. Introduction: The Emergence of Permeable Insulation""; ""2. Japanese Policy Making in a World of Constraints""; ""Part II: International Political Economy and Permeable Insulation""; ""3. Internationalization as Insulation: Dilemmas of the Yen""; ""4. Sword and Shield: The WTO Dispute Settlement System and Japan""; ""5. Adjustment Through Globalization: The Role of State FDI Finance"" 327 $a""6. Integrated Production in East Asia: Globalization without Insulation?""""Part III: Domestic Political Economy and Permeable Insulation""; ""7. METI and Industrial Policy in Japan: Change and Continuity""; ""8. Industry Rules: From Deregulation to Self-Regulation""; ""9. Changing Japanese Corporate Governance""; ""Part IV: Conclusion""; ""10. Permeable Insulation and Japan's Managed Globalization""; ""About the Editors and Contributors""; ""Index"" 330 $aAs Japan moves from a ""catch-up"" strategy to a post-developmental stage, it is changing its actions and reactions both in terms of international political economy and domestic policy issues. The current changes in Japan can best be understood as following a path toward ""permeable insulation."" Japan's government and economic system continue to insulate domestic businesses from full competition and the rigor of market forces, but this insulation is also permeable because a decline in state power vis-a-vis the private sector since the 1990s has combined with a decline in the solidarity of pri 606 $aGlobalization$xEconomic aspects$zJapan 607 $aJapan$xEconomic conditions$y1989- 607 $aJapan$xEconomic policy$y1989- 608 $aElectronic books. 615 0$aGlobalization$xEconomic aspects 676 $a337.52 701 $aGrimes$b William W$0974107 701 $aSchaede$b Ulrike$f1962-$0974108 801 0$bMiAaPQ 801 1$bMiAaPQ 801 2$bMiAaPQ 906 $aBOOK 912 $a9910460226803321 996 $aJapan's managed globalization$92217502 997 $aUNINA LEADER 03491 am 22007573u 450 001 996202518703316 005 20230621135359.0 010 $a1-921536-45-4 035 $a(CKB)1000000000751586 035 $a(EBL)4694277 035 $a(SSID)ssj0000671462 035 $a(PQKBManifestationID)12228280 035 $a(PQKBTitleCode)TC0000671462 035 $a(PQKBWorkID)10614414 035 $a(PQKB)11461234 035 $a(MiAaPQ)EBC4694277 035 $a(WaSeSS)IndRDA00058836 035 $a(oapen)https://directory.doabooks.org/handle/20.500.12854/28640 035 $a(EXLCZ)991000000000751586 100 $a20090731h20092009 uy| 0 101 0 $aeng 135 $aurbn#---uuuuu 181 $ctxt 182 $cc 183 $acr 200 10$aHoward's long march $ethe strategic depiction of China in Howard government policy, 1996-2006 /$fRoy Campbell McDowall 210 $aCanberra$cANU Press$d2009 210 1$aCanberra :$cANU E Press,$d[2009] 210 4$dİ2009 215 $a1 online resource (91 pages) $cdigital, PDF file(s) 225 1 $aCanberra papers on strategy and defence ;$v172 300 $aDescription based upon print version of record. 311 08$aPrint version: 9781921536441 320 $aIncludes bibliographical references and index. 327 $aAbstract; About the Author; Acknowledgements; Introduction; Setting the Vision amongst a Sea of Troubles: March-December 1996; Relationship Restoration and Expansion: January 1997-December 2002; Friendly Unease: January 2003-December 2006; Conclusion; Bibliography; Books and Book Chapters; Government Publications and Statements; Journal Articles; Print Media and Think-Tanks; Index 330 $aAustralia's strategic depiction of China has assumed increased importance as it attempts to harmonise economic interests (focusing on China) with security interests (primarily the United States). In this period of strategic transition, how Australia incorporates the rise of China into its existing security commitment under ANZUS has become a delicate issue. This investigation follows the intriguing evolution of the Howard Government's depictions of China, and reveals a complex and calculated strategy that successfully transformed a potentially volatile conflict of interests into a functional foreign policy. 410 0$aCanberra papers on strategy and defence ;$v172. 606 $aPolitics & government$2bicssc 607 $aAustralia$xPolitics and government$y1990-2001 607 $aAustralia$xPolitics and government$y2001- 607 $aAustralia$xForeign economic relations$zChina 607 $aChina$xForeign economic relations$zAustralia 607 $aAustralia$xForeign relations$zUnited States 607 $aUnited States$xForeign relations$zAustralia 607 $aUnited States$xForeign relations$zChina 607 $aChina$xForeign relations$zUnited States 610 $apolitics and government 610 $aaustralia 610 $aunited states 610 $aforeign economic relations 610 $achina 610 $aAsia-Pacific 610 $aHoward Government 610 $aJapan 610 $aTaiwan 615 7$aPolitics & government 676 $a337.94051 700 $aCampbell McDowall$b Roy$0966881 801 0$bMiAaPQ 801 1$bMiAaPQ 801 2$bMiAaPQ 801 2$bUkMaJRU 906 $aBOOK 912 $a996202518703316 996 $aHoward's long march$92194717 997 $aUNISA